| 000 | 00518nam a22001697a 4500 | ||
|---|---|---|---|
| 005 | 20260216100700.0 | ||
| 008 | 260216b |||||||| |||| 00| 0 eng d | ||
| 020 | _a978-178583302-1 | ||
| 050 | _aLB1564.G7 R63 2019 | ||
| 100 | _aROBINSON MARTIN | ||
| 245 | _aCURRICULUM ATHENA VERSES THE MACHINE | ||
| 260 |
_aUNITED KINGDOM _bCROWN HOUSE PUBLISHING LIMITED _c2019 |
||
| 300 | _a183 | ||
| 500 | _aINCLUDES AN INDEX | ||
| 650 | _aEducation-curriculum great britain-creative ability in children | ||
| 942 |
_2lcc _cBK |
||
| 999 |
_c216578 _d216578 |
||